市町村面積ランキングTOP100 - Statistics

General Stats
  • This quiz has been taken 886 times
  • The average score is 69 of 100
Answer Stats
順位 面積 (km^2) 都道府県 市町村名 % Correct
2 1,558.06 静岡県 浜松市
99%
1 2,177.61 岐阜県 高山市
98%
3 1,449.83 栃木県 日光市
97%
5 1,411.93 静岡県 静岡市
97%
20 1,121.26 北海道 札幌市
93%
7 1,363.29 北海道 釧路市
92%
14 1,241.70 富山県 富山市
89%
15 1,232.26 福島県 いわき市
89%
41 906.69 広島県 広島市
89%
42 906.07 秋田県 秋田市
89%
45 886.47 岩手県 盛岡市
89%
92 726.28 新潟県 新潟市
89%
4 1,427.41 北海道 北見市
87%
83 747.66 北海道 旭川市
87%
29 1,023.23 山口県 山口市
86%
69 789.95 岡山県 岡山市
85%
33 978.47 長野県 松本市
84%
56 834.81 長野県 長野市
84%
70 786.35 宮城県 仙台市
84%
75 767.72 福島県 福島市
84%
10 1,311.51 山形県 鶴岡市
83%
81 757.20 福島県 郡山市
83%
61 824.61 青森県 青森市
82%
34 973.89 新潟県 上越市
81%
59 827.83 京都府 京都市
81%
97 716.18 山口県 下関市
81%
12 1,256.42 岩手県 一関市
80%
44 891.05 新潟県 長岡市
79%
78 765.31 鳥取県 鳥取市
79%
16 1,209.59 秋田県 由利本荘市
78%
17 1,174.17 新潟県 村上市
78%
38 918.32 愛知県 豊田市
78%
80 761.42 北海道 稚内市
77%
11 1,259.15 岩手県 宮古市
76%
30 993.30 岩手県 奥州市
76%
40 908.39 岩手県 花巻市
76%
99 711.18 三重県 津市
76%
28 1,026.91 和歌山県 田辺市
74%
52 864.20 青森県 むつ市
74%
18 1,152.76 秋田県 北秋田市
73%
37 946.76 新潟県 魚沼市
72%
50 866.79 秋田県 大仙市
72%
13 1,246.49 広島県 庄原市
71%
67 792.53 岐阜県 飛騨市
71%
85 746.24 新潟県 糸魚川市
71%
39 913.22 秋田県 大館市
70%
47 873.67 山口県 岩国市
70%
49 868.02 宮崎県 延岡市
70%
55 851.21 岐阜県 下呂市
70%
54 855.68 新潟県 佐渡市
68%
79 763.07 北海道 夕張市
68%
27 1,030.75 岐阜県 郡上市
67%
71 781.08 群馬県 みなかみ町
67%
72 778.18 広島県 三次市
67%
94 722.33 北海道 石狩市
67%
19 1,147.55 北海道 新ひだか町
66%
24 1,093.56 秋田県 仙北市
66%
48 872.43 福井県 大野市
66%
65 796.81 宮城県 大崎市
66%
82 754.92 石川県 白山市
66%
66 793.29 岡山県 新見市
65%
6 1,408.04 北海道 足寄町
63%
43 903.14 大分県 佐伯市
63%
93 725.65 青森県 十和田市
63%
21 1,119.22 北海道 士別市
62%
63 805.00 宮城県 栗原市
62%
53 862.30 岩手県 八幡平市
61%
68 790.91 秋田県 湯沢市
61%
90 733.19 島根県 益田市
61%
9 1,319.63 北海道 別海町
60%
32 992.07 北海道 日高町
60%
57 830.67 北海道 紋別市
60%
60 825.97 岩手県 遠野市
60%
95 721.42 徳島県 三好市
59%
25 1,063.83 北海道 新得町
58%
35 956.08 北海道 八雲町
58%
8 1,332.45 北海道 遠軽町
57%
58 828.53 岡山県 真庭市
57%
89 737.12 北海道 斜里町
56%
26 1,049.47 北海道 上川町
55%
84 747.56 福島県 只見町
55%
31 992.36 岩手県 岩泉町
54%
45 886.47 福島県 南会津町
54%
100 707.52 秋田県 鹿角市
54%
23 1,099.37 北海道 標茶町
52%
51 865.04 北海道 芦別市
52%
36 952.89 新潟県 阿賀町
50%
64 803.44 岐阜県 揖斐川町
50%
22 1,115.65 北海道 枝幸町
49%
76 767.04 北海道 幌加内町
49%
74 773.13 北海道 白糠町
47%
73 774.33 北海道 弟子屈町
46%
87 739.27 北海道 厚岸町
46%
88 737.56 山形県 小国町
45%
62 815.67 北海道 大樹町
42%
91 729.85 北海道 浦幌町
38%
98 711.36 北海道 むかわ町
38%
77 766.89 北海道 滝上町
34%
86 743.09 北海道 平取町
34%
96 716.80 北海道 津別町
34%
No matching quizzes found
Score Distribution
Percent of People with Each Score
Percentile by Number Answered
Your Score History
You have not taken this quiz